000 01871nam0a2200337 i 4500
001 RU\NLR\BIBL_A\011107453
005 20240922024606.0
010 _a9785767930128
_9200
021 _aRU
_b2016-27867
_91793
035 _a(NILC)RuMoRGB-008273822
035 _a(NLR Aleph) 011107453
090 _a11455604
_c11455604
100 _a20160425d2014 u y0rusy50 ca
101 0 _arus
102 _aRU
105 _aa|||j||||00yy
200 1 _aВведение в нелинейную динамику транспортных систем
_e[учебное пособие для магистрантов по направлению 23.04.03 - Эксплуатация транспортно-технологических машин и комплексов]
_fИ. Е. Агуреев, Е. Е. Атлас, В. М. Тропина
_gМ-во образования и науки Рос. Федерации, Федер. гос. бюджетное образоват. учреждение высш. проф. образования "Тульский гос. ун-т"
210 _aТула
_cИзд-во ТулГУ
_d2014
215 _a172, [1] с.
_cил.
_d20
320 _aБиблиогр.: с. 164-172 (150 назв.)
606 1 _aТранспортные системы
_jУчебные издания для высших учебных заведений
_xДинамическое моделирование
_92587800
_3RU\NLR\AUTH\661529454
675 _a656
686 1 _aО1-01с116я73-1
700 1 _aАгуреев
_bИ. Е.
_gИгорь Евгеньевич
701 1 _aАтлас
_bЕ. Е.
_f1963-
_gЕлена Ефимовна
_9143033
_3RU\NLR\AUTH\770143069
701 1 _aТропина
_bВ. М.
_gВалентина Михайловна
801 0 _aRU
_bРГБ
_c20160408
_gRCR
942 _cBOOK
980 _aNBR